Quick Pick: 'I' and 'J' Food Quiz Stats

 Plays Quiz Updated Jul 27, 2018

Challenge
Share
Tweet
Embed
Score 0/15 Timer 01:00
4 Plays Today
% Correct
jalapeño
96.8%
icing
96.2%
jackfruit
94.5%
jerky
93.2%
jambalaya
93.1%
johnnycake
87.5%
insalata
80.5%
incaberry
71.3%
% Correct
jicama
69.4%
jalfrezi
45.2%
jiaozi
40.4%
icaco
37.6%
jalebi
36%
imarti
32.2%
ilama
22.6%

Today's Daily Dose

You're not logged in!

Compare scores with friends on all Sporcle quizzes.
Join for Free
OR
Log In

You Might Also Like...

Show Comments

Extras

Top Quizzes Today


Score Distribution

Your Account Isn't Verified!

In order to create a playlist on Sporcle, you need to verify the email address you used during registration. Go to your Sporcle Settings to finish the process.

Report this User

Report this user for behavior that violates our Community Guidelines.

Details: